Trois hommes (Record no. 148718)
[ view plain ]
| 000 -LEADER | |
|---|---|
| campo de control de longitud fija | 00734nam a2200217 i 4500 |
| 001 - NÚMERO DE CONTROL | |
| campo de control | 148718 |
| 003 - IDENTIFICADOR DE NÚMERO DE CONTROL | |
| campo de control | ES-MaACL |
| 005 - FECHA Y HORA DE LA ÚLTIMA TRANSACCIÓN | |
| campo de control | 20251108164915.0 |
| 007 - CAMPO FIJO DE DESCRIPCIÓN FÍSICA--INFORMACIÓN GENERAL | |
| campo de control de longitud fija | t| |
| 008 - DATOS DE LONGITUD FIJA--INFORMACIÓN GENERAL | |
| campo de control de longitud fija | 070214s1913 fr r ||||1| fre d |
| 100 1# - ENTRADA PRINCIPAL--NOMBRE DE PERSONA | |
| Nombre de persona | Suarès, André. |
| 9 (RLIN) | 108534 |
| 245 10 - MENCIÓN DEL TÍTULO | |
| Título | Trois hommes |
| Resto del título | : Pascal, Ibsen, Dostoievski / |
| Mención de responsabilidad, etc. | André Suarès [seud. de Felix André Ives Scantrel]. |
| 250 ## - MENCION DE EDICION | |
| Mención de edición | 4è éd. |
| 260 ## - PUBLICACIÓN, DISTRIBUCIÓN, ETC. | |
| Lugar de publicación, distribución, etc. | Paris : |
| Nombre del editor, distribuidor, etc. | Nouvelle Revue Française, |
| Fecha de publicación, distribución, etc. | 1913 ( |
| Lugar de fabricación/manufactura | Bruges : |
| Fabricante | Sainte-Catherine) |
| 300 ## - DESCRIPCIÓN FÍSICA | |
| Extensión | 363 p. ; |
| Dimensiones | 19 cm. |
| 600 14 - PUNTO DE ACCESO ADICIONAL DE MATERIA--NOMBRE DE PERSONA | |
| Nombre de persona | Ibsen, Henrik, |
| Fechas asociadas al nombre | 1828-1906 |
| 9 (RLIN) | 65031 |
| 600 14 - PUNTO DE ACCESO ADICIONAL DE MATERIA--NOMBRE DE PERSONA | |
| Nombre de persona | Pascal, Blaise, |
| Fechas asociadas al nombre | 1623-1662 |
| 9 (RLIN) | 89307 |
| 600 14 - PUNTO DE ACCESO ADICIONAL DE MATERIA--NOMBRE DE PERSONA | |
| Nombre de persona | Dostoievski, Fiódor, |
| Fechas asociadas al nombre | 1821-1881 |
| 9 (RLIN) | 242371 |
| 852 ## - LOCALIZACIÓN | |
| Ubicación | ES-MaACL |
| Número de control de estantería | F-8150 |
| Estatus retirado | Estado de pérdida | Estado de daño | No para préstamo | Biblioteca de origen | Biblioteca actual | Ubicación en estantería | Fecha de adquisición | Fuente de adquisición | Total de préstamos | Signatura topográfica completa | Código de barras | Visto por última vez | Precio de reemplazo | Tipo de ítem Koha |
|---|---|---|---|---|---|---|---|---|---|---|---|---|---|---|
| Biblioteca del Ateneo de Madrid | Biblioteca del Ateneo de Madrid | Sala Pecera Planta 2 | 17/01/2008 | F-8150 | 1155198 | 23/02/2023 | 23/02/2023 | Libro impreso |
